Therapeutic electrophysical agents : (رقم التسجيلة. 31448)
[ عرض عادي ]
| 000 -الفاتح | |
|---|---|
| حقل البيانات ثابتة الطول | 01950cam a22004694a 4500 |
| 001 - رقم الضبط | |
| رقم الضبط | 15598108 |
| 003 - محدد رقم الضبط | |
| رقم الضبط | OSt |
| 005 - وقت وتاريخ اخر تعامل مع التسجيلة | |
| رقم الضبط | 20150408114144.0 |
| 008 - عناصر البيانات ثابتة الطول - معلومات عامة | |
| حقل البيانات ثابتة الطول | 090122s2010 paua bf 001 0 eng |
| 010 ## - رقم ضبط مكتبة الكونجرس | |
| رقم ضبط مكتبة الكونجرس | 2009002847 |
| 016 7# - رقم ضبط الوكاله الوطنية للضبط الببليوجرافي | |
| رقم ضبط التسجيلة | 101494217 |
| المصدر | DNLM |
| 020 ## - الرقم الدولى المعيارى للكتب | |
| الرقم الدولى المعيارى للكتاب | 9780781770019 |
| 020 ## - الرقم الدولى المعيارى للكتب | |
| الرقم الدولى المعيارى للكتاب | 0781770017 |
| 035 ## - رقم ضبط النظام | |
| رقم ضبط النظام | (OCoLC)ocn300396883 |
| 040 ## - مصدر الفهرسة | |
| وكالة الفهرسة الأصلية | DNLM/DLC |
| وكالة النسخ | DLC |
| وكالة التعديل | YDX |
| -- | BTCTA |
| -- | YDXCP |
| -- | NLM |
| -- | DLC |
| 042 ## - رمز التحقق | |
| رمز التحقق | pcc |
| 050 00 - رقم طلب مكتبة الكونجرس | |
| رقم التصنيف | RM701 |
| رقم المادة | .B45 2010 |
| 060 00 - رقم الطلب بالمكتبة الطبية الوطنية | |
| رقم التصنيف | 2009 I-809 |
| 060 10 - رقم الطلب بالمكتبة الطبية الوطنية | |
| رقم التصنيف | WB 39 |
| رقم المادة | B4266t 2010 |
| 082 00 - رقم تصنيف ديوى العشرى | |
| رقم التصنيف | 615.8/2 |
| رقم الطبعة | 22 |
| رقم المادة | BAT |
| 100 1# - المدخل الرئيسى - إسم شخصى | |
| الإسم الشخصى | B�elanger, Alain. |
| 9 (RLIN) | 38217 |
| 245 10 - بيان العنوان | |
| العنوان | Therapeutic electrophysical agents : |
| بقية العنوان | evidence behind practice / |
| بيان المسئوليه,etc | Alain-Yvan B�elanger. |
| 250 ## - بيان الطبعة | |
| بيان الطبعة | 2nd ed. |
| 260 ## - PUBLICATION, DISTRIBUTION, ETC. (IMPRINT) | |
| مكان الناشر او الموزع | Philadelphia : |
| اسم الناشر او الموزع | Wolters Kluwer Health/Lippincott Williams & Wilkins, |
| تاريخ النشر أو التوزيع | c2010. |
| 300 ## - الوصف المادى | |
| التعداد | xx, 504 p. : |
| تفاصيل ماديه اخرى للوعاء | ill. ; |
| أبعاد الوعاء | 29 cm. |
| 500 ## - تبصرة عامة | |
| تبصرة عامة | Rev ed. of: Evidence-based guide to therapeutic physical agents, c2002. |
| 504 ## - تبصرة ببليوجرافية | |
| تبصرة ببليوجرافية,الخ | Includes bibliographical references and index. |
| 650 #0 - المدخل الاضافى بالموضوع-مصطلح موضوعى | |
| مصطلح موضوعي أو اسم جغرافي كعنصر مدخل | Physical therapy |
| التقسيم الفرعي الشكلي | Handbooks, manuals, etc. |
| 650 #0 - المدخل الاضافى بالموضوع-مصطلح موضوعى | |
| مصطلح موضوعي أو اسم جغرافي كعنصر مدخل | Medicine, Physical |
| التقسيم الفرعي الشكلي | Handbooks, manuals, etc. |
| 9 (RLIN) | 38218 |
| 650 12 - المدخل الاضافى بالموضوع-مصطلح موضوعى | |
| مصطلح موضوعي أو اسم جغرافي كعنصر مدخل | Therapeutics |
| التقسيم الفرعي الشكلي | Handbooks. |
| 9 (RLIN) | 13539 |
| 650 12 - المدخل الاضافى بالموضوع-مصطلح موضوعى | |
| مصطلح موضوعي أو اسم جغرافي كعنصر مدخل | Therapeutics |
| التقسيم الفرعي الشكلي | Outlines. |
| 9 (RLIN) | 38219 |
| 650 22 - المدخل الاضافى بالموضوع-مصطلح موضوعى | |
| مصطلح موضوعي أو اسم جغرافي كعنصر مدخل | Evidence-Based Medicine |
| التقسيم الفرعي الشكلي | Handbooks. |
| 9 (RLIN) | 10216 |
| 650 22 - المدخل الاضافى بالموضوع-مصطلح موضوعى | |
| مصطلح موضوعي أو اسم جغرافي كعنصر مدخل | Evidence-Based Medicine |
| التقسيم الفرعي الشكلي | Outlines. |
| 9 (RLIN) | 38220 |
| 650 22 - المدخل الاضافى بالموضوع-مصطلح موضوعى | |
| مصطلح موضوعي أو اسم جغرافي كعنصر مدخل | Physical Medicine |
| التقسيم الفرعي الشكلي | Handbooks. |
| 9 (RLIN) | 38221 |
| 650 22 - المدخل الاضافى بالموضوع-مصطلح موضوعى | |
| مصطلح موضوعي أو اسم جغرافي كعنصر مدخل | Physical Medicine |
| التقسيم الفرعي الشكلي | Outlines. |
| 9 (RLIN) | 38222 |
| 700 1# - المدخل الاضافى - اسم شخصى | |
| الإسم الشخصى | B�elanger, Alain. |
| عنوان العمل | Evidence-based guide to therapeutic physical agents. |
| 9 (RLIN) | 38223 |
| 856 42 - الوصول و الموقع الالكترونى | |
| مواد محددة | Publisher description |
| معرف المصدر الموحد | <a href="http://www.loc.gov/catdir/enhancements/fy0905/2009002847-d.html">http://www.loc.gov/catdir/enhancements/fy0905/2009002847-d.html</a> |
| 856 41 - الوصول و الموقع الالكترونى | |
| مواد محددة | Table of contents only |
| معرف المصدر الموحد | <a href="http://www.loc.gov/catdir/enhancements/fy1012/2009002847-t.html">http://www.loc.gov/catdir/enhancements/fy1012/2009002847-t.html</a> |
| 906 ## - عنصر بيانات محلى F, LDF (RLIN) | |
| a | 7 |
| b | cbc |
| c | orignew |
| d | 1 |
| e | ecip |
| f | 20 |
| g | y-gencatlg |
| 942 ## - عناصر المدخل الإضافي( كوها) | |
| مصدر التصنيف او مخطط الترفيف | Dewey Decimal Classification |
| Koha [default] item type | كتاب |
| حالة الفقد | نموذج السعر الفعال | حالة تلف | ليس للاعارة | رقم الطلب | تاريخ الاكتساب | الموقع الحالي | الباركود | الفرع الرئيسي | Date last seen | نوع المادة فى نظام كوها | مصدر التصنيف او خطة الترفيف | Total Checkouts | Date last checked out |
|---|---|---|---|---|---|---|---|---|---|---|---|---|---|
| 2013-10-26 | 615.8/2 BAT | 2013-10-26 | المكتبة المركزية بالمجمعة (CL) | 00401946 | المكتبة المركزية بالمجمعة (CL) | 2013-10-26 | كتاب | Dewey Decimal Classification | |||||
| 2013-10-26 | 615.8/2 BAT | 2013-10-26 | المكتبة المركزية بالمجمعة (CL) | 00401947 | المكتبة المركزية بالمجمعة (CL) | 2017-02-26 | كتاب | Dewey Decimal Classification | 1 | 2016-09-05 | |||
| 2013-10-26 | 615.8/2 BAT | 2013-10-26 | المكتبة المركزية بالمجمعة (CL) | 00401948 | المكتبة المركزية بالمجمعة (CL) | 2016-10-03 | كتاب | Dewey Decimal Classification | 1 | 2014-02-03 | |||
| 2013-10-26 | 615.8/2 BAT | 2013-10-26 | مكتبة كلية العلوم الطبية التطبيقية بالمجمعة - طالبات (AMF) | 00401949 | مكتبة كلية العلوم الطبية التطبيقية بالمجمعة - طالبات (AMF) | 2013-10-26 | كتاب | Dewey Decimal Classification | |||||
| 2013-10-26 | 615.8/2 BAT | 2013-10-26 | مكتبة كلية العلوم الطبية التطبيقية بالمجمعة - طالبات (AMF) | 00401950 | مكتبة كلية العلوم الطبية التطبيقية بالمجمعة - طالبات (AMF) | 2013-10-26 | كتاب | Dewey Decimal Classification |
